|
|
|
|
| LEADER |
00000nam2a2200000 4500 |
| 001 |
266470 |
| 005 |
20231101234013.0 |
| 035 |
|
|
|a (RuTPU)RU\TPU\book\289490
|
| 035 |
|
|
|a RU\TPU\book\289434
|
| 090 |
|
|
|a 266470
|
| 100 |
|
|
|a 20140709d1903 km y0rusy50 ca
|
| 101 |
1 |
|
|a rus
|c ger
|
| 102 |
|
|
|a RU
|
| 105 |
|
|
|a acf f 001zy
|
| 200 |
0 |
|
|a Т. 6 : Технология металлов
|f сост. Г. Гедике [и др.] ; полный перевод с IX немецкого издания с значительными дополнениями и под ред. проф. С.-Петербургского Горного Института Императрицы Екатерины II А. Н. Митинского
|
| 210 |
|
|
|d 1903
|
| 215 |
|
|
|a XXI, 624 с., [6] вкл. л.
|c ил.
|
| 300 |
|
|
|a Текст в русской дореформенной орфографии
|
| 316 |
|
|
|5 63413507: М-133122
|a Дата публикации не указана, 2-е изд., стер.
|
| 316 |
|
|
|5 63413507: М-133122
|a На титульном листе владельческая подпись: "Бутаков"
|
| 317 |
|
|
|5 63413507: М-133122
|a Поступила в НТБ в 1970 г. в составе книжного собрания профессора ТПИ И. Н. Бутакова
|
| 320 |
|
|
|a Перечень иллюстраций: с. IX-XXI
|
| 320 |
|
|
|a Именной и предметный указатель: с. 621-624
|
| 461 |
|
1 |
|0 (RuTPU)RU\TPU\book\289414
|t Промышленность и техника
|o энциклопедия промышленных знаний
|o в 10 т.
|v Т. 6 : Технология металлов
|d 1901-
|
| 606 |
1 |
|
|a Технология металлов
|2 stltpush
|3 (RuTPU)RU\TPU\subj\60152
|9 77641
|
| 610 |
1 |
|
|a металлы
|
| 610 |
1 |
|
|a технология
|
| 610 |
1 |
|
|a библиотека И. Н. Бутакова
|
| 610 |
1 |
|
|a энциклопедии
|
| 610 |
1 |
|
|a владельческая надпись
|
| 675 |
|
|
|a 621.7/.9
|v 3
|
| 702 |
|
1 |
|a Гедике
|b Г.
|4 220
|
| 702 |
|
1 |
|a Гох
|b Ю.
|4 220
|
| 702 |
|
1 |
|a Дальгоф
|b Е.
|4 220
|
| 702 |
|
1 |
|a Кастнер
|b I.
|4 220
|
| 702 |
|
1 |
|a Лютмер
|b Ф.
|4 220
|
| 702 |
|
1 |
|a Рело
|b Ф.
|4 220
|
| 702 |
|
1 |
|a Митинский
|b А. Н.
|4 340
|4 730
|
| 801 |
|
1 |
|a RU
|b 63413507
|c 20140708
|
| 801 |
|
2 |
|a RU
|b 63413507
|c 20221125
|g RCR
|
| 942 |
|
|
|c BK
|